000 00827nam a2200277 a 4500
001
003 DO-SdBNP
005 20240829091039.0
008 091001s2012 mx a r 000 0 spa d
020 _a9786071609540
040 _aDO-SdBNP
_bspa
_cBPMSU
082 4 _aM861.6
_bM188L 2012
_222
100 1 _aMagaña Merlo, Gabriel,
_d1944-
245 1 0 _aLejos alcanzado aquí /
_cGabriel Magaña.
260 _aMéxico:
_bFondo de Cultura Económica,
_c2012
300 _a199 p. ;
_c24 cm.
_b
490 0 _aPoesía
504 _a
590 _aInventariado, 2024/VM
650 4 _aPoesía mexicana
650 4 _aFuturismo (Movimiento literario)
_vPoesías.
650 4 _aMontaña
_vPoesías
_y
710 2 _aFondo de Cultura Económica (México)
910 _aVMateo V. Cotrol de calidad. BPMSU
942 _2ddc
_cBK
999 _c14788
_d14788